| 000 | 00530nam a2200157 a 4500 | ||
|---|---|---|---|
| 001 | 000039265 | ||
| 005 | 20201002031553.0 | ||
| 008 | 130619s1988 dr 000 0 spa d | ||
| 020 | _a8489533032 | ||
| 040 |
_aDO-SdBNP _bspa _cBNPHU |
||
| 100 | 1 |
_aNúñez Llano, Fernando _965464 |
|
| 245 | 1 | 0 |
_aCompendio legal presupuestario del sector público dominicano / _cFernándo Nuñez Llano. |
| 260 |
_aSanto Domingo : _bCenapec, _c1988. |
||
| 300 |
_a76 p. ; _c22 cm. |
||
| 500 | _aIncluye datos biográficos del autor en la contracubierta | ||
| 999 |
_c38755 _d38755 |
||